Normal view
MARC view
- Dawson, Catherine
Entry Personal Name
001 - CONTROL NUMBER
- control field: 22909
003 - CONTROL NUMBER IDENTIFIER
- control field: NUST
005 - DATE AND TIME OF LATEST TRANSACTION
- control field: 20191004194233.0
008 - FIXED-LENGTH DATA ELEMENTS
- fixed length control field: 191004|| aca||aabn | a|a d
040 ## - CATALOGING SOURCE
- Original cataloging agency: NUST
- Transcribing agency: NUST
100 ## - HEADING--PERSONAL NAME
- Personal name: Dawson, Catherine
670 ## - SOURCE DATA FOUND
- Source citation: Work cat.: (NUST): Dawson, Catherine , Introduction to research methods : A practical guide for anyone undertaking a research project, 2010
